White Widow - SUPERNOVA (COMPLETE EDITION) - Statystyki

Ogólne statystyki
  • Ten quiz został rozwiązany 5 razy
  • Średni wynik to 7 z 21
Statystyki odpowiedzi
SUPERNOVA (COMPLETED EDITION) % Poprawnych
FENOMENALNY STYL
100%
SUPERNOVA
100%
PATOLOGIA
67%
PRINCE
67%
24 NA KARKU
33%
BOND NO.9
33%
CAŁY SQUAD
33%
COMING OUT
33%
LIZZO
33%
MANIA WYDAWANIA
33%
MUSZĘ GRAĆ
33%
NIE DYGAJ
33%
NIE WRACAM DO DOMU
33%
PATENTY
33%
POZA MELODIĄ
33%
WORKI KABONY
33%
GORĄCY TEMAT
0%
GORĘTSZY TEMAT
0%
ILE JESZCZE RAZY
0%
SHINJUKU FREESTYLE
0%
TYLE SŁOŃCA
0%
Nie znaleziono quizów pasujących do podanych kryteriów
Rozkład punktacji
Procent ludzi z każdym wynikiem
Percentyl według liczby udzielonych odpowiedzi
Twoja historia wyników
Nie rozwiązałeś tego quizu